000 00344nam a2200145Ia 4500
999 _c5895
_d5895
003 OSt
008 191201s2014 xx 000 0 und d
100 _aKOHLI, DD
245 0 _aText Book of Estimating and Costing
250 _aRep
260 _aN. delhi
_bS Chand and Co. Ltd.
_c2014
300 _a495
650 _aB.Tech(CE)
942 _2ddc
_cBK